000 00752cam a22002537a 4500
999 _c26288
_d26288
001 26288
003 AR-RoBPED
005 20260505171057.0
008 191203s2018 ag ||||| |||| 00| f spa d
020 _a9789507314780
040 _aAR-RoBPED
041 _aspa
100 1 _915496
_aBelli, Gioconda
_d1948-
245 1 3 _aEl pergamino de la seducción /
_cGioconda Belli.
250 _a14 ed.
260 _aBuenos Aires :
_bSeix Barral,
_c2018.
300 _a331 p.
490 0 _aSeix Barral novela histórica.
650 1 7 _aLITERATURA NICARAGÜENSE
_2
_93185
650 1 7 _925
_aNOVELAS
650 1 7 _9520
_aNOVELAS HISTORICAS
942 _2udc
_ak. 26288
_cBK
_h860(728.5)-31
_mB 36 pe
_pinv. 38750